000 00596nam a2200253Ia 4500
005 20260121161130.0
008 008 260114s9999 xx 000 0 eng d
020 _a9780203707227
037 _aEBOOK
040 _aCRL
040 _beng
040 _cCRL
041 _2eng
041 _aeng
084 _qCRL
100 _a W.H.G. Armytage
_91040610
245 4 _aThe Rise of the Technocrats
260 _bTaylor and Francis
260 _c1965
856 _uhttp://www.taylorfrancis.com/books/9780203707227
942 _cEBOOK
999 _c1607426
_d1607426